Online
Catalog

Petan : (Record no. 28233)

MARC details
000 -CABECERA
campo de control de longitud fija 02377nam a2200373 i 4500
001 - NÚMERO DE CONTROL
campo de control 000028741
003 - IDENTIFICADOR DEL NÚMERO DE CONTROL
campo de control DO-SdBNP
005 - FECHA Y HORA DE LA ÚLTIMA TRANSACCIÓN
campo de control 20241114103130.0
007 - CAMPO FIJO DE DESCRIPCIÓN FÍSICA--INFORMACIÓN GENERAL
campo de control de longitud fija ta
008 - DATOS DE LONGITUD FIJA--INFORMACIÓN GENERAL
campo de control de longitud fija 110412t1984 dr ac 001 0 spa d
040 ## - FUENTE DE LA CATALOGACIÓN
Centro catalogador/agencia de origen DO-SdBNP
Lengua de catalogación spa
Centro/agencia transcriptor BNPHU
Normas de descripción rda
049 ## - FONDOS LOCALES (OCLC)
Fondos de biblioteca BNPD
082 #4 - NÚMERO DE LA CLASIFICACIÓN DECIMAL DEWEY
Número de clasificación 384.55065
Número de documento/Ítem L865p
Número de edición 22
100 1# - ENTRADA PRINCIPAL--NOMBRE DE PERSONA
Nombre de persona Lora Medrano, Luis Eduardo,
Fechas asociadas al nombre 1921-
Término indicativo de función/relación autor
Código de función/relación aut.
9 (RLIN) 55737
245 10 - MENCIÓN DE TÍTULO
Título Petan :
Resto del título la Voz Dominicana, su gente ... sus cosas ... y sus cuentos /
Mención de responsabilidad, etc. Luis Eduardo Lora Medrano.
250 ## - MENCIÓN DE EDICIÓN
Mención de edición Primera edición
264 #4 - PRODUCCIÓN, PUBLICACIÓN, DISTRIBUCIÓN, FABRICACIÓN Y COPYRIGHT
Producción, publicación, distribución, fabricación y copyright Santo Domingo :
Nombre del de productor, editor, distribuidor, fabricante Editora Tele 3,
Fecha de producción, publicación, distribución, fabricación o copyright 1984.
300 ## - DESCRIPCIÓN FÍSICA
Extensión 305 páginas :
Otras características físicas ilustraciones, retratos ;
Dimensiones 21 cm.
336 ## - TIPO DE CONTENIDO
Término de tipo de contenido texto
Código de tipo de contenido txt
Fuente rdacontent
337 ## - TIPO DE MEDIO
Nombre/término del tipo de medio sin mediación
Código del tipo de medio n
Fuente rdamedia
338 ## - TIPO DE SOPORTE
Nombre/término del tipo de soporte volumen
Código del tipo de soporte nc
Fuente rdacarrier
500 ## - NOTA GENERAL
Nota general Incluye datos biográficos del autor en la solapa.
505 0# - NOTA DE CONTENIDO CON FORMATO
Nota de contenido con formato Dedicatoria --
Título Prefacio --
-- Palabras del autor --
-- Los agobiantes preparativos --
-- La primera ópera: "La Traviata" --
-- Llegada de Petán a Bonao --
-- Primer locutor --
-- Dos aniversarios --
-- Constituyó un brillante acontecimiento social la celebración del banquete La Voz del Yuna --
-- Charlando con las hermanas Lagos --
-- La Voz del Yuna tributa homenaje a Eduardo Brito ante su tumba --
-- Organización e higiene de ayer --
-- La Voz Dominicana --
-- En nuestros recuerdos --
-- El triunfo de La Voz del Yuna --
-- Aceves Mejía, el compradito --
-- Dos glorias puertorriqueñas
-- La presunta madre de Bobby --
-- Las muchachas --
-- La única camisa rota -
-- Semana aniversario --
-- Los reinados y desfiles --
-- Rumores --
-- Invéntese el final, pero termínela --
-- Los saludos al general --
-- Mucho dinero --
-- El préstamo progresivo de Lincoln --
-- El general y el ascensor .
590 ## - NOTA LOCAL (RLIN)
Nota local Inventariado, 2024/BT
600 14 - PUNTO DE ACCESO ADICIONAL DE MATERIA--NOMBRE DE PERSONA
Nombre de persona Trujillo Molina, José Arismendy,
Títulos y otros términos asociados al nombre Petán,
Fechas asociadas al nombre 1895-1969
9 (RLIN) 55738
650 #4 - PUNTO DE ACCESO ADICIONAL DE MATERIA--TÉRMINO DE MATERIA
Término de materia o nombre geográfico como elemento de entrada Teledifusión
Subdivisión general Historia
Subdivisión geográfica República Dominicana
9 (RLIN) 34169
650 #4 - PUNTO DE ACCESO ADICIONAL DE MATERIA--TÉRMINO DE MATERIA
Término de materia o nombre geográfico como elemento de entrada Televisión en la política
Subdivisión general Historia
Subdivisión geográfica República Dominicana
9 (RLIN) 55739
650 #4 - PUNTO DE ACCESO ADICIONAL DE MATERIA--TÉRMINO DE MATERIA
Término de materia o nombre geográfico como elemento de entrada Política y medios de comunicación de masas
Subdivisión general Historia
-- República Dominicana
9 (RLIN) 34344
650 #4 - PUNTO DE ACCESO ADICIONAL DE MATERIA--TÉRMINO DE MATERIA
Término de materia o nombre geográfico como elemento de entrada Actores y actrices de televisión
9 (RLIN) 38634
710 2# - PUNTO DE ACCESO ADICIONAL--NOMBRE DE ENTIDAD CORPORATIVA
Nombre de entidad corporativa o nombre de jurisdicción como elemento de entrada Radioemisora La Voz del Yuna (Bonao, República Dominicana)
9 (RLIN) 55740
710 2# - PUNTO DE ACCESO ADICIONAL--NOMBRE DE ENTIDAD CORPORATIVA
Nombre de entidad corporativa o nombre de jurisdicción como elemento de entrada Palacio Radiotelevisor La Voz Dominicana (República Dominicana)
9 (RLIN) 55741
910 ## - DATOS DE OPCIÓN DEL USUARIO (OCLC)
Datos de opción del usuario Validado. Control de calidad EMS.
942 ## - ELEMENTOS DE PUNTO DE ACCESO ADICIONAL (KOHA)
Fuente del sistema de clasificación o colocación Dewey Decimal Classification
Tipo de ítem Koha Libro
Holdings
Estado de retiro Estado de pérdida Fuente del sistema de clasificación o colocación Restricciones de uso No para préstamo Código de colección Localización permanente Ubicación/localización actual Ubicación en estantería Fecha de adquisición Total de préstamos Signatura topográfica completa Código de barras Fecha visto por última vez Precio válido a partir de Tipo de ítem Koha Fuente de adquisición Número de copia Nota pública
    Dewey Decimal Classification Excluido de préstamo   Patrimonio Dominicano Biblioteca Nacional Pedro Henríquez Ureña Biblioteca Nacional Pedro Henríquez Ureña Depósito 12.04.2011   BNPHU PD 384.55065 L865p 28741-10 25.06.2020 25.06.2020 Libro      
    Dewey Decimal Classification Excluido de préstamo   Patrimonio Dominicano Biblioteca Nacional Pedro Henríquez Ureña Biblioteca Nacional Pedro Henríquez Ureña Depósito 14.11.2024   BNPHU PD 384.55065 L865p 2024-6421 14.11.2024 14.11.2024 Libro Donado por la Presidencia de la República Dominicana 2023. e.2 Perteneció a la biblioteca personal de Emilio Cordero Michel.

Powered by Koha